Propuesta de una metodología para utilizar el método de los coeficientes de desplazamiento de FEMA-440 con el código sísmico de Costa Rica 2002
Enregistré dans:
| Auteur principal: | |
|---|---|
| Format: | Livre |
| Publié: |
2008
|
| Sujets: | |
| Tags: |
Ajouter un tag
Pas de tags, Soyez le premier à ajouter un tag!
|
MARC
| LEADER | 00000nam a2200000Ia 4500 | ||
|---|---|---|---|
| 003 | 010334 | ||
| 005 | 20221231144100.0 | ||
| 008 | 140114s2008 cr a 000 ||sp d | ||
| 040 | |c cru CEDI | ||
| 090 | |a TFG 5646 | ||
| 100 | |a Roldán Abellán, Ariel Ricardo |9 4363 | ||
| 245 | |a Propuesta de una metodología para utilizar el método de los coeficientes de desplazamiento de FEMA-440 con el código sísmico de Costa Rica 2002 | ||
| 260 | |c 2008 | ||
| 300 | |a 1 volumen (en varias paginaciones); ilustraciones (algunas a color) | ||
| 500 | |a Tesis (licenciatura en ingeniería civil)--Universidad de Costa Rica. Facultad de Ingeniería. Escuela de Ingeniería Civil | ||
| 650 | |x ANALISIS ESTRUCTURAL (INGENIERIA) |x CODIGO SISMICO |x COSTA RICA |x SISMOLOGIA |x MARCOS ESTRUCTURALES |9 4364 | ||
| 942 | |c TFG | ||
| 999 | |c 16615 |d 16615 | ||
